00475nam a2200145Ia 4500003000900000008004100009040001600050080001300066110004600079245009600125250001200221260003900233300001600272650004100288IN-BaIIA211028s9999 xx 000 0 eng d cIIA Library aGENbIIP aIndian Institute of Public Administration 4aThe Organisation of the Government of IndiacThe Indian Institute of Public Administration  a2nd ed. aBombaybSomaiya Publicationsc1971 aviii, 539p. aAstronomy and Astrophysics Thesaurus